00881 2200325 4500001002100000005001500021035002000036007000300056040001600059100002300075245006200098250001900160300004000179020001800219041000800237082001000245090002200255264003300277336002100310337003000331338002300361650001500384850001000399008004100409084001600450504002900466990002000495990002000515990002000535INLIS00000000000445520260525120403 a0010-0122000087ta aSPBUPDbind0 aSuyantoePengarang1 aMultimedia :bAlat untuk Meningkatkan Keunggulan Bersaing a.-Ed 2, Cet 10 axvi, 402 hal. :billus. ;c16x23 cm a979-763-061-7 aind a006.7 a006.7 SUY m L1-13 a.--Yogyakarta :bANDI,c2005 2rdacontentaTeks 2rdamediaaTanpa Perantara 2rdacarrieravolume 4aMultimedia aPUPAD260525 0  a006.7 SUY m abibliografi, 395-401 hlm a3022/Arpus/2007 a3026/Arpus/2007 a3024/Arpus/2007